Necrología del Excmo. Señor Don Manuel Colmeiro individuo de número y bibliotecario que fué de la Real Academia de Ciencias Morales y Políticas : (Record no. 17761)
[ view plain ]
| 000 -LEADER | |
|---|---|
| campo de control de longitud fija | 01141nam a2200241 i 4500 |
| 001 - NÚMERO DE CONTROL | |
| campo de control | 17761 |
| 003 - IDENTIFICADOR DE NÚMERO DE CONTROL | |
| campo de control | ES-MaACL |
| 005 - FECHA Y HORA DE LA ÚLTIMA TRANSACCIÓN | |
| campo de control | 20250921063022.0 |
| 007 - CAMPO FIJO DE DESCRIPCIÓN FÍSICA--INFORMACIÓN GENERAL | |
| campo de control de longitud fija | t| |
| 008 - DATOS DE LONGITUD FIJA--INFORMACIÓN GENERAL | |
| campo de control de longitud fija | 010517s1899 sp ||||1| spa d |
| 080 ## - NÚMERO DE LA CLASIFICACIÓN DECIMAL UNIVERSAL | |
| Número de la Clasificación Decimal Universal | 929 Colmerio, Manuel |
| 100 1# - ENTRADA PRINCIPAL--NOMBRE DE PERSONA | |
| Nombre de persona | Salvá, Melchor, |
| Fechas asociadas al nombre | 1834-1918 |
| 9 (RLIN) | 102056 |
| 245 10 - MENCIÓN DEL TÍTULO | |
| Título | Necrología del Excmo. Señor Don Manuel Colmeiro individuo de número y bibliotecario que fué de la Real Academia de Ciencias Morales y Políticas : |
| Resto del título | leída ante esta Corporación en las sesiones de 13 de Diciembre de 1898, 21 y 28 de Marzo y 13 de Junio de 1899 / |
| Mención de responsabilidad, etc. | por Melchor Salvá. |
| 260 ## - PUBLICACIÓN, DISTRIBUCIÓN, ETC. | |
| Lugar de publicación, distribución, etc. | Madrid : |
| Nombre del editor, distribuidor, etc. | [s.n.], |
| Fecha de publicación, distribución, etc. | 1899 ( |
| Fabricante | Imprenta del Asilo de Huérfanos del S. C. de Jesús) |
| 300 ## - DESCRIPCIÓN FÍSICA | |
| Extensión | 65 p. ; |
| Dimensiones | 26 cm. |
| 530 ## - NOTA DISPONIBLE DE FORMULARIO FÍSICO ADICIONAL | |
| Nota de formato físico adicional disponible | Disponible en formato digital. |
| 600 14 - PUNTO DE ACCESO ADICIONAL DE MATERIA--NOMBRE DE PERSONA | |
| Nombre de persona | Colmeiro, Manuel ( |
| Fechas asociadas al nombre | 1818-1894) |
| 9 (RLIN) | 39768 |
| 710 2# - ENTRADA AGREGADA--NOMBRE DE ENTIDAD CORPORATIVA | |
| Nombre de entidad corporativa o nombre de jurisdicción como elemento de entrada | Real Academia de Ciencias Morales y Políticas (España) |
| 9 (RLIN) | 222050 |
| 852 ## - LOCALIZACIÓN | |
| Ubicación | ES-MaACL |
| Número de control de estantería | 2165-F-17 |
| Ubicación en estantería | Depósito folletos |
| Nota libre | Revisado enlace: 22 de Abril de 2025 |
| 856 ## - LOCALIZACIÓN Y ACCESO ELECTRÓNICOS | |
| Identificador Uniforme de Recursos | <a href="http://bdh-rd.bne.es/viewer.vm?id=0000050376&page=1 ">http://bdh-rd.bne.es/viewer.vm?id=0000050376&page=1 </a> |
| Texto de enlace | Biblioteca Digital Hispánica |
| 942 ## - ELEMENTOS DE ENTRADA SECUNDARIOS (KOHA) | |
| Fuente del sistema de clasificación o colocación | Clasificación decimal universal |
| Estatus retirado | Estado de pérdida | Fuente del sistema de clasificación o colocación | Estado de daño | No para préstamo | Colección | Biblioteca de origen | Biblioteca actual | Ubicación en estantería | Fecha de adquisición | Total de préstamos | Signatura topográfica completa | Código de barras | Visto por última vez | Precio de reemplazo | Tipo de ítem Koha |
|---|---|---|---|---|---|---|---|---|---|---|---|---|---|---|---|
| Clasificación decimal universal | Biblioteca Digital del Ateneo de Madrid | Biblioteca del Ateneo de Madrid | Biblioteca del Ateneo de Madrid | Depósito folletos | 17/01/2008 | 2165-F-17 | 1018130 | 23/02/2023 | 23/02/2023 | Folleto |
